Statystyki dla Zgadnij co to za postać z Miraculous | Część #4

Kliknij tutaj aby rozwiązać quiz!

Ogólne statystyki

  • Ten quiz został rozwiązany 35 razy
  • Średni wynik to 4 z 16

Statystyki odpowiedzi

Odpowiedź% Poprawnych
Królix
60%
Vesperia
60%
Król Małp
55%
Scarabella
45%
Ryuko
40%
Czarna Kicia
35%
Minotaurox
35%
Pigella
30%
Argos
25%
Kaprizon
15%
Pegasus
10%
Tygrysica
10%
Multimysza
5%
Psinka
5%
Serpertion
5%
Śmiały Kogut
5%

Rozkład punktacji

Percentyl według liczby udzielonych odpowiedzi

Procent ludzi z każdym wynikiem

Twoja historia wyników

Nie rozwiązałeś tego quizu